LEADER 01379nam0 2200349 450 001 000027046 005 20100222114307.0 100 $a20091210d--------km-y0itay50------ba 101 0 $afre 102 $aFR 200 1 $a<> grandes amoureuses$fGaston Derys 210 $aParis$c<> Michaud 215 $av.$cill.$d19 cm. 300 $aIn cop. e in testa al front. firma autografa: Sergio de Pilato, Napoli, ottobre '930, VIII 327 0 $aVol. 4.: Rachel, Louis Colet, Aimée de Coigny, La Duchesse de Fallary. - [19--?]. - 261 p., [24] c. di tav. 559 1 $aRachel 559 1 $aLouis Colet 559 1 $aAimée de Coigny 559 1 $a<> Duchesse de Fallary 606 1 $aDonne celebri$yFrancia$zSec. 16.-19. 676 $a305.420944$v(21. ed.)$9Donne. Ruolo sociale e condizione. Francia e Monaco 700 1$aDerys,$bGaston$0444824 801 0$aIT$bUniversità della Basilicata - B.I.A.$gRICA$2unimarc 912 $a000027046 996 $aGrandes amoureuses$990666 997 $aUNIBAS BAS $aLETTERE CAT $aTTM$b30$c20091210$lBAS01$h1053 CAT $aTTM$b30$c20091210$lBAS01$h1057 CAT $aTTM$b30$c20100222$lBAS01$h1143 FMT Z30 -1$lBAS01$LBAS01$mBOOK$1BASA1$APolo Storico-Umanistico$2FDEP2$BFondo De Pilato Biscione$3FD/109271$6109271$5L109271$820091210$e261 p., [24] c. di tav.$f52$FRari$hVol. 4.: Rachel...